000 00567cam a22002053a 4500
001 34648
003 PGUSA
005 20140828083740.0
008 101213s2010||||xxu|||||s|||||000 | eng d
040 _aPGUSA
_beng
042 _adc
100 1 _aAimard, Gustave,
_d1818-1883
245 1 0 _aLes terres d'or
_h[electronic resource] /
_cGustave Aimard
260 _bProject Gutenberg,
_c2010
506 _aPublic domain in the USA.
516 _aElectronic text
830 0 _aProject Gutenberg
_v34648
856 4 0 _uhttp://www.gutenberg.org/ebooks/34648
942 _cEB
999 _c263903
_d263903